| 000 | 00365nam a2200145Ia 4500 | ||
|---|---|---|---|
| 008 | 230312s9999||||xx |||||||||||||| ||und|| | ||
| 020 | _a9781509304783 | ||
| 082 |
_a005.369 _bTHO-E |
||
| 100 | _aRosenblatt | ||
| 245 | 0 | _aSystems analysis and design | |
| 260 |
_bMicrosoft Press _aUSA _c2018 |
||
| 300 | _a331 | ||
| 650 |
_aComputer _vElectronic books |
||
| 942 | _cBK | ||
| 999 |
_c17563 _d17563 |
||